Star and crescent; (Record no. 84450)
[ view plain ]
| 000 -LEADER | |
|---|---|
| fixed length control field | 00668nam a22001931 4500 |
| 001 - CONTROL NUMBER | |
| control field | sa 68012318 |
| 003 - CONTROL NUMBER IDENTIFIER | |
| control field | DLC |
| 005 - DATE AND TIME OF LATEST TRANSACTION | |
| control field | 20260227112609.0 |
| 008 - FIXED-LENGTH DATA ELEMENTS--GENERAL INFORMATION | |
| fixed length control field | 711115s1958 pk b 00010 eng |
| 010 ## - LIBRARY OF CONGRESS CONTROL NUMBER | |
| LC control number | sa 68012318 |
| 043 ## - GEOGRAPHIC AREA CODE | |
| Geographic area code | a-pk--- |
| 050 0# - LIBRARY OF CONGRESS CALL NUMBER | |
| Classification number | Z3191 |
| Item number | .M6 |
| 100 10 - MAIN ENTRY--PERSONAL NAME | |
| Personal name | Moreland, George B. |
| 245 10 - TITLE STATEMENT | |
| Title | Star and crescent; |
| Remainder of title | a selected and annotated bibliography of Pakistan, 1947-1957 |
| Statement of responsibility, etc. | [by] George B. Moreland and Akhtar H. Siddiqui. |
| 260 0# - PUBLICATION, DISTRIBUTION, ETC. | |
| Place of publication, distribution, etc. | [Karachi] |
| Name of publisher, distributor, etc. | Institute of Public and Business Administration, University of Karachi, |
| Date of publication, distribution, etc. | 1958. |
| 300 ## - PHYSICAL DESCRIPTION | |
| Extent | 36 p. |
| Dimensions | 23 cm. |
| 651 #0 - SUBJECT ADDED ENTRY--GEOGRAPHIC NAME | |
| Geographic name | Pakistan |
| General subdivision | Bibliography. |
| 700 10 - ADDED ENTRY--PERSONAL NAME | |
| Personal name | Siddiqui, Akhtar H., |
| Relator term | joint author. |
No items available.